000 00443nam a2200181Ia 4500
005 20240705110217.0
008 131103s9999 xx 000 0 und d
040 _aLoreto College
041 _aEnglish
082 _a809
_bHOU
245 4 _aThe romantic poets
_cedited by John Lawlor
260 _a[s.l.]
_b[s.n.]
_c[19?]
300 _a200p.
504 _aIncludes index
700 _aLawlor, John; ed.
850 _aLCBED
942 _cBK
999 _c29770
_d80249